000 01125nam0a22002651 4500
001 rc\77122
005 20250620172224.0
010 _a5-83070-034-0
_960
035 _a(NLR Aleph) 005347933
090 _a6765071
_c6765071
100 _a20021216d1997 |||y0rusy50 ca
101 0 _arus
102 _aRU
105 _aa |||||||||
200 1 _aПрактические вопросы геометризации мощности и основных показателей качества угольных пластов
_eУчеб. пособие
_fС.В. Шаклейн, Т.Б. Рогова
_gМ-во общ. и проф. образования Рос. Федерации. Кузбас. гос. техн. ун-т
210 _aКемерово
_cКузбас. гос. техн. ун-т
_d1997
215 _a59 с.
_cил.
_d20
320 _aБиблиогр.: с. 58
700 1 _aШаклейн
_bС.В.
_gСергей Васильевич
701 1 _aРогова
_bТ.Б.
_gТамара Борисовна
801 0 _aRU
_bNLR
_gpsbo
801 1 _aRU
_bELAR
_2rusmarc
852 _aNLR
_j97-4/14456
942 _cBOOK
980 _aNB